000 00271nam a2200109Ia 4500
008 190911s9999||||xx |||||||||||||| ||und||
100 _aJames,Glyn
245 0 _aAdvanced Modern Enginering Mathematics
260 _aEngland
_bMc Graw Hill
_c1999
300 _a901
942 _cBK
999 _c6790
_d6790